000 00659nab a2200181 4500
001 244442
003 OSt
005 20230601123233.0
007 tu
008 200917s2020|||||||
040 _aDE-2950
_cDE-2950
245 0 0 _aMia und Thomas Anders beim Bunten Hering in Frankfurt.
_bProgramm. Die Band um Sängerin Mieze Katz und der Modern Talking Star treten beim Stadtfest auf der Hauptbühne auf. Auch Familien kommen auf ihre Kosten /
_cLisa Mahlke
264 _c2023
653 _aFrankfurt (Oder)
653 _aStadtfest "Bunter Hering"
773 0 _g34. Jahrgang (2023) Nr. 122 vom 27.05.2023, S. 15: mit Foto
_tMärkische Oderzeitung
942 _2z
_cA
999 _c372490
_d372490